000 00249nam a2200097Ia 4500
001 690946
005 20250826161826.0
008 250824s9999 xx 000 0 und d
245 0 _aHER ŞEY VAKDİNİ BEKLER
_cHAKAN MENGÜÇ
260 _bDESTEK YAYINLARI
999 _c690946
_d690946